| 000 | 00767nam a2200217Ia 4500 | ||
|---|---|---|---|
| 008 | 130821s1993 sp gr spa | ||
| 020 | _a8478802541 | ||
| 040 |
_aCo-BoUCM _bspa |
||
| 041 | 0 | 0 | _aspa |
| 245 | 0 | 0 |
_aFrases célebres de grandes hombres de negocios _cRecopilación de Eugene Weber |
| 260 |
_aMadrid (España) _bTemas de Hoy _c1993 |
||
| 300 | _a374 páginas | ||
| 504 | _aIncluye índice | ||
| 650 | 0 | 4 |
_aAdministradores _vCitas, máximas, etc. _98620 |
| 650 | 0 | 4 |
_aEconomistas _vCitas, máximas, etc. _913722 |
| 650 | 0 | 4 |
_aNegocios _vCitas, máximas, etc. _920172 |
| 700 |
_aWEBER, Eugene; Recopilador _9158759 |
||
| 765 | _tThe book of businnes quotations | ||
| 942 |
_cLIBRO _a16 _e1 _mF842 _2DEWEY _h650.01 |
||
| 999 |
_c34360 _d34360 |
||